| 000 | 01430cam a2200361 a 4500 | ||
|---|---|---|---|
| 999 |
_c129606 _d129606 |
||
| 001 | 12620160 | ||
| 003 | ARRUPE | ||
| 005 | 20190521091406.0 | ||
| 008 | 010820s2001 rh ab b 000 0 eng | ||
| 010 | _a 2001295947 | ||
| 020 | _z1779051116 | ||
| 035 | _a(DLC) 2001295947 | ||
| 040 |
_aDLC _cDLC |
||
| 042 | _alcode | ||
| 043 | _af-rh--- | ||
| 050 | 0 | 0 |
_aSK575.Z55 _bS525 2001 |
| 100 | 1 |
_aSibanda, Backson M. C., _d1950- _946403 |
|
| 245 | 1 | 0 |
_aWildlife and communities at the crossroads : _bis Zimbabwe's Campfire the way forward? / _cBackson M.C. Sibanda. |
| 260 |
_aMount Pleasant, Harare, Zimbabwe : _bSAPES Books, _cc2001. |
||
| 300 |
_avi, 282 : _bill., maps ; _c22 cm. |
||
| 440 | 0 |
_aSouthern Africa environment security series _946404 |
|
| 500 | _aSouthern Africa Regional Institute for Policy Studies"--Ser. t.p. | ||
| 500 | _a"SAPES Trust"--Cover p. [4]. | ||
| 504 | _aIncludes bibliographical references (p. 273-281). | ||
| 650 | 0 |
_aWildlife management _zZimbabwe. _946405 |
|
| 650 | 0 |
_aNatural resources, Communal _zZimbabwe. _946406 |
|
| 650 | 0 |
_aSustainable development _zZimbabwe. _946407 |
|
| 710 | 2 |
_aSAPES Trust. _923049 |
|
| 710 | 2 |
_aSouthern Africa Regional Institute for Policy Studies. _923050 |
|
| 906 |
_a7 _bcbc _corigode _d3 _encip _f20 _gy-gencatlg |
||
| 942 |
_2lcc _cMONOGRAPH |
||